One muse, many masks : reflections on Ahmed Yerima's recent drama
Salvato in:
| Natura: | Libro |
|---|---|
| Lingua: | inglese |
| Pubblicazione: |
Kraft Books
2021
|
| Tags: |
Aggiungi Tag
Nessun Tag, puoi essere il primo ad aggiungerne!!
|
MARC
| LEADER | 00000nam a22000007a 4500 | ||
|---|---|---|---|
| 008 | 240220b |||||||| |||| 00| 0 eng d | ||
| 020 | |a 9789789186891 | ||
| 245 | |a One muse, many masks |b : reflections on Ahmed Yerima's recent drama |c / Edited by Gbemisola Adeoti. |g xxxviii, 397p | ||
| 250 | |c Adeoti, Gbemisola | ||
| 260 | |b Kraft Books |c 2021 |h Ibadan, Nigeria |i 701297 |i 701298 |l PR9387.9.Y53On2 |m Yerima, Ahmed, 1957- Plays. Selections--Criticism and interpretation. |m Yerima, Ahmed, 1957- |m Nigerian drama (English)--21st century--History and criticism. | ||
| 500 | |a it includes references and index | ||
| 942 | I | |a lcc |c BK |e Johnson |f 20//2/24 | |
| 952 | |0 0 |1 0 |2 lcc |4 0 |6 PR93879 Y53 O N2 |7 0 |9 4850 |a ART |b HOL |c LP |d 2024-02-20 |l 0 |o PR9387.9.Y53On2 |p 2024-0103 |r 2024-02-20 00:00:00 |t 701297 |w 2024-02-20 |y BK | ||
| 952 | |0 0 |1 0 |2 lcc |4 0 |6 PR93879 Y53 O N2 |7 0 |9 4851 |a HOL |b HOL |c LP |d 2024-02-20 |l 0 |o PR9387.9.Y53On2 |p 2024-0104 |r 2024-02-20 00:00:00 |t 701298 |w 2024-02-20 |y BK | ||
| 999 | |c 2419 |d 2419 | ||